00881nam a22002177a 4500001000400000003001000004005001700014008004100031020001800072040002500090080002000115100003700135245025100172260003800423300002000461504003600481650004400517650003000561650002300591700004900614322BR-CuiBMT20231024165258.0231016s2012 mgb 001 0 por d a9788577005321 aBR-CuiBMTcBR-CuiBMT 22007a340.111.51 aMoraes, Paulo Valério Dal Pai 12aA negociação ética para agentes públicos e advogados :bmediação, conciliação, arbitragem, princípios, técnicas, fases, estilos e ética da negociação /cPaulo Valério Dal Pai Moraes, Márcia Amaral Corrêa de Moraes. aBelo Horizonte :bFórum,c2012. a244 p. ;c22 cm aInclui bibliografia e índice. aTécnicas jurídicasxNegociação  aDireito xConciliação aGestão pública1 aMoraes, Márcia Amaral Corrêa de, d1972-